Les 36 équipes en Ligue des Champions (2024-2025) - Statistiques

Statistiques générales
  • Ce quiz a été pris 1 534 fois
  • Le résultat moyen est 28 sur 36
Statistiques - réponses
Pays Club % Correct
Allemagne Bayern Munich
98%
France Paris Saint-Germain
97%
Angleterre Manchester City
95%
Espagne Real Madrid
95%
Allemagne Borussia Dortmund
94%
Espagne FC Barcelone
94%
Italie AC Milan
93%
Italie Inter Milan
93%
France LOSC
92%
Angleterre Liverpool
91%
Angleterre Arsenal
90%
France AS Monaco
90%
Espagne Atletico Madrid
90%
Italie Juventus
90%
France Stade Brestois
89%
Portugal Benfica
86%
Allemagne Bayer Leverkusen
85%
Portugal Sporting CP
83%
Angleterre Aston Villa
80%
Pays-Bas PSV Eindhoven
80%
Ecosse Celtic Glasgow
78%
Allemagne RB Leipzig
75%
Belgique Club Bruges
74%
Croatie Dinamo Zagreb
73%
Pays-Bas Feyenoord Rotterdam
68%
Suisse Young Boys Berne
68%
Italie Atalanta Bergame
66%
Autriche RB Salzbourg
66%
Espagne Girone
64%
Allemagne Stuttgart
63%
Ukraine Shaktar Donetsk
62%
République Tchèque Sparta Prague
61%
Serbie Étoile Rouge de Belgrade
59%
Italie Bologne
52%
Slovaquie Slovan Bratislava
50%
Autriche Sturm Graz
48%
Aucun quiz correspondant
Distribution des résultats
% des personnes avec chaque résultat
Percentile par nombre de réponses
Votre historique - résultats
Vous n’avez pas pris ce quiz